Fundamentals of corporate finance / (Record no. 829)
[ view plain ]
| 000 -LEADER | |
|---|---|
| fixed length control field | 01086cam a2200373 a 4500 |
| 003 - CONTROL NUMBER IDENTIFIER | |
| control field | CaAEU |
| 005 - DATE AND TIME OF LATEST TRANSACTION | |
| control field | 20210621091526.0 |
| 008 - FIXED-LENGTH DATA ELEMENTS--GENERAL INFORMATION | |
| fixed length control field | 020621s2003 onca 001 0 eng |
| 020 ## - INTERNATIONAL STANDARD BOOK NUMBER | |
| International Standard Book Number | 0070898669 |
| 040 ## - CATALOGING SOURCE | |
| Transcribing agency | CaOONL |
| 050 ## - LIBRARY OF CONGRESS CALL NUMBER | |
| Classification number | HG4026 |
| Item number | .F85 2003 |
| 055 01 - CLASSIFICATION NUMBERS ASSIGNED IN CANADA | |
| Classification number | HG4026 |
| 055 #0 - CLASSIFICATION NUMBERS ASSIGNED IN CANADA | |
| Classification number | HG4026 |
| Item number | F85 |
| 090 ## - LOCALLY ASSIGNED LC-TYPE CALL NUMBER (OCLC); LOCAL CALL NUMBER (RLIN) | |
| Classification number (OCLC) (R) ; Classification number, CALL (RLIN) (NR) | HG 4026 F85 2003 |
| Local cutter number (OCLC) ; Book number/undivided call number, CALL (RLIN) | ARDC |
| 090 ## - LOCALLY ASSIGNED LC-TYPE CALL NUMBER (OCLC); LOCAL CALL NUMBER (RLIN) | |
| Classification number (OCLC) (R) ; Classification number, CALL (RLIN) (NR) | HG 4026 F85 2003 |
| Local cutter number (OCLC) ; Book number/undivided call number, CALL (RLIN) | AGPC |
| 090 ## - LOCALLY ASSIGNED LC-TYPE CALL NUMBER (OCLC); LOCAL CALL NUMBER (RLIN) | |
| Classification number (OCLC) (R) ; Classification number, CALL (RLIN) (NR) | HG 4026 F85 2003 |
| Local cutter number (OCLC) ; Book number/undivided call number, CALL (RLIN) | ACAL |
| 090 ## - LOCALLY ASSIGNED LC-TYPE CALL NUMBER (OCLC); LOCAL CALL NUMBER (RLIN) | |
| Classification number (OCLC) (R) ; Classification number, CALL (RLIN) (NR) | HG 4026 F85 2003 |
| Local cutter number (OCLC) ; Book number/undivided call number, CALL (RLIN) | AEU |
| 090 ## - LOCALLY ASSIGNED LC-TYPE CALL NUMBER (OCLC); LOCAL CALL NUMBER (RLIN) | |
| Classification number (OCLC) (R) ; Classification number, CALL (RLIN) (NR) | HG4026 .F86 2003 |
| Local cutter number (OCLC) ; Book number/undivided call number, CALL (RLIN) | AEGMCT |
| 245 00 - TITLE STATEMENT | |
| Title | Fundamentals of corporate finance / |
| Statement of responsibility, etc. | Richard A. Brealey ... [et al.]. |
| 250 ## - EDITION STATEMENT | |
| Edition statement | 2nd Canadian ed. |
| 260 ## - PUBLICATION, DISTRIBUTION, ETC. | |
| Place of publication, distribution, etc. | Toronto : |
| Name of publisher, distributor, etc. | McGraw-Hill Ryerson, |
| Date of publication, distribution, etc. | c2003. |
| 300 ## - PHYSICAL DESCRIPTION | |
| Extent | xxxi, 829 p. : |
| Other physical details | ill. ; |
| Dimensions | 26 cm. |
| 336 ## - CONTENT TYPE | |
| Content type term | text |
| Content type code | txt |
| Source | rdacontent |
| 337 ## - MEDIA TYPE | |
| Media type term | unmediated |
| Media type code | n |
| Source | rdamedia |
| 338 ## - CARRIER TYPE | |
| Carrier type term | volume |
| Carrier type code | nc |
| Source | rdacarrier |
| 500 ## - GENERAL NOTE | |
| General note | Includes index. |
| 650 #0 - SUBJECT ADDED ENTRY--TOPICAL TERM | |
| Topical term or geographic name entry element | Corporations |
| General subdivision | Finance. |
| 700 1# - ADDED ENTRY--PERSONAL NAME | |
| Personal name | Brealey, Richard A. |
| 942 ## - ADDED ENTRY ELEMENTS (KOHA) | |
| Source of classification or shelving scheme | |
| Koha item type | Book |
| Suppress in OPAC | SO |
| Withdrawn status | Lost status | Source of classification or shelving scheme | Damaged status | Not for loan | Permanent Location | Current Location | Shelving location | Date acquired | Total Checkouts | Full call number | Barcode | Date last seen | Price effective from | Koha item type | Public note |
|---|---|---|---|---|---|---|---|---|---|---|---|---|---|---|---|
| AU LIBRARY | AU LIBRARY | Open Shelf | 21.06.2021 | HG4026 .F85 2003 | 28000249 | 21.06.2021 | 21.06.2021 | Book | SO |